Geography Quiz

Random Geography or World Quiz

Ultimate Geography Challenge 'T' Quiz Stats

 Plays Quiz Updated Nov 30, 2014

Challenge
Share
Tweet
Embed
Score 0/29 Timer 05:00
9 Plays Today
% Correct
Tennessee
93.2%
Texas
90.4%
Turkey
87.8%
Turkmenistan
83.4%
Thailand
79%
Togo
77.2%
Tajikistan
76.3%
Trinidad and Tobago
76.1%
Tanzania
73.9%
Taiwan
72.5%
Tuvalu
70.1%
Tunisia
69.9%
Tallahassee
69.5%
Tunis
68.4%
Tonga
67%
% Correct
Trenton
54.2%
Taipei
52%
Tehran
51.7%
Timor-Leste
50.9%
Tokyo
50.1%
Tallinn
49.6%
Topeka
48.8%
Tashkent
41.4%
Tripoli
40.8%
Tirana
39.2%
Tegucigalpa
37.6%
Tbilisi
37.4%
Thimphu
32.8%
Tarawa
29.5%

You're not logged in!

Compare scores with friends on all Sporcle quizzes.
OR
Log In

You Might Also Like...

Show Comments

Extras

Top Quizzes Today


Score Distribution

Your Account Isn't Verified!

In order to create a playlist on Sporcle, you need to verify the email address you used during registration. Go to your Sporcle Settings to finish the process.

Report this User

Report this user for behavior that violates our Community Guidelines.

Details: